000 00422nam a2200181Ia 4500
001 17860
005 20260306171548.0
008 260306s9999||||xx |||||||||||||| ||und||
041 _aESP
082 _a658.3
_bB99G
100 _aByars, Lloyd L.
_eAUT
245 0 _aGestión de recursos humanos
260 _c1997
300 _a583 páginas :
_c23 cm.
650 _aGEN
654 _aCAN
942 _cLIB
_dJUS
_fJUS
_2ddc
_n
999 _c17860
_d17860